[Event "Caribean-chT 24th"]
[Site "San Salvador"]
[Date "2023.07.06"]
[Round "13.1"]
[White "Baules Rodriguez, Jorge Luis"]
[Black "Urbina, Ricardo"]
[Result "1/2-1/2"]
[WhiteElo "2344"]
[BlackElo "2217"]
[PlyCount "91"]
[EventDate "2023.07.06"]
[EventType "tourn"]
[EventRounds "15"]
[EventCountry "ESA"]
[SourceTitle "CBM 215 Extra"]
[Source "ChessBase"]
[SourceDate "2023.09.30"]
[SourceVersion "1"]
[SourceVersionDate "2023.09.30"]
[SourceQuality "1"]
[WhiteTeam "Panama"]
[BlackTeam "Honduras"]
[WhiteTeamCountry "PAN"]
[BlackTeamCountry "HON"]

1. e4 c5 2. Nc3 Nc6 3. Bb5 Nd4 4. Nf3 g6 5. 0-0 Bg7 6. Re1 a6 7. Bf1 e6 8. Rb1 Ne7 9. b4 cxb4 10. Rxb4 Nxf3+ 11. Qxf3 Nc6 12. Rb1 0-0 13. Bb2 b5 14. Ne2 Bxb2 15. Rxb2 Ne5 16. Qf4 Nc4 17. Rb3 e5 18. Qh6 Qf6 19. Ng3 Qg7 20. Qxg7+ Kxg7 21. Bxc4 bxc4 22. Rc3 d6 23. Rxc4 Be6 24. Ra4 Rab8 25. Rxa6 Rb2 26. Rc1 Rc8 27. h3 Rcxc2 28. Rxc2 Rxc2 29. Rxd6 Rxa2 30. d4 exd4 31. Rxd4 h5 32. Rd1 Kf6 33. f4 h4 34. Nf1 Re2 35. Nd2 Bc8 36. Rc1 Bb7 37. Nf3 Bxe4 38. Nxh4 g5 39. fxg5+ Kxg5 40. Rc4 Kxh4 41. Kf1 Rxg2 42. Rxe4+ Kxh3 43. Re7 Rg7 44. Kf2 Kg4 45. Ra7 Kg5 46. Kf3 1/2-1/2

[Event "Caribean-chT 24th"]
[Site "San Salvador"]
[Date "2023.07.06"]
[Round "12.1"]
[White "Urbina, Ricardo"]
[Black "Gabriel, Davidson"]
[Result "1-0"]
[WhiteElo "2217"]
[BlackElo "2009"]
[PlyCount "56"]
[EventDate "2023.07.06"]
[EventType "tourn"]
[EventRounds "15"]
[EventCountry "ESA"]
[SourceTitle "CBM 215 Extra"]
[Source "ChessBase"]
[SourceDate "2023.09.30"]
[SourceVersion "1"]
[SourceVersionDate "2023.09.30"]
[SourceQuality "1"]
[WhiteTeam "Honduras"]
[BlackTeam "Haiti"]
[WhiteTeamCountry "HON"]
[BlackTeamCountry "HAI"]

1. e4 c5 2. Nf3 d6 3. d4 cxd4 4. Nxd4 Nf6 5. Nc3 g6 6. h3 Bg7 7. Be3 0-0 8. Bc4 Nc6 9. Bb3 Nxd4 10. Bxd4 Be6 11. 0-0 a6 12. f4 Nd7 13. Bxg7 Kxg7 14. Kh1 b5 15. Nd5 Rc8 16. Qd4+ Kg8 17. Rad1 Bxd5 18. Qxd5 Qc7 19. e5 Nb6 20. exd6 Nxd5 21. dxc7 Ne3 22. f5 Nxf1 23. fxg6 Ne3 24. gxf7+ Kg7 25. Rd3 Nf5 26. Rf3 Nd6 27. Rg3+ Kf6 28. Rg8 Nxf7 1-0

[Event "Caribean-chT Rapid 24th"]
[Site "San Salvador"]
[Date "2023.07.03"]
[Round "5.1"]
[White "Urbina, Ricardo"]
[Black "Baules Rodriguez, Jorge Luis"]
[Result "0-1"]
[WhiteElo "2237"]
[BlackElo "2343"]
[PlyCount "66"]
[EventDate "2023.07.03"]
[EventType "tourn (rapid)"]
[EventRounds "15"]
[EventCountry "ESA"]
[SourceTitle "CBM 215 Extra"]
[Source "ChessBase"]
[SourceDate "2023.09.30"]
[SourceVersion "1"]
[SourceVersionDate "2023.09.30"]
[SourceQuality "1"]
[WhiteTeam "Honduras"]
[BlackTeam "Panama"]
[WhiteTeamCountry "HON"]
[BlackTeamCountry "PAN"]

1. e4 c5 2. Nf3 a6 3. g3 b5 4. Bg2 Bb7 5. d4 Bxe4 6. 0-0 cxd4 7. Re1 Nf6 8. Bg5 d5 9. Nbd2 Nbd7 10. Nxe4 dxe4 11. Nxd4 h6 12. Bxf6 Nxf6 13. Bxe4 Nxe4 14. Rxe4 e6 15. Qe2 Be7 16. Rd1 Qb6 17. Nf5 Kf8 18. Rd7 Re8 19. Nd4 Bf6 20. c3 Kg8 21. Qh5 Rf8 22. Rg4 Bxd4 23. cxd4 Rh7 24. Qe5 Qb8 25. Qc5 h5 26. Rf4 h4 27. Qe7 g6 28. Rxh4 Rxh4 29. Qxh4 Qc8 30. Qe7 Qc1+ 31. Kg2 Qxb2 32. a3 Qc2 33. Qf6 Qc6+ 0-1

[Event "Caribean-chT Rapid 24th"]
[Site "San Salvador"]
[Date "2023.07.03"]
[Round "1.1"]
[White "Urbina, Ricardo"]
[Black "Escalona Landi, Samid Eduardo"]
[Result "0-1"]
[WhiteElo "2237"]
[BlackElo "2233"]
[PlyCount "54"]
[EventDate "2023.07.03"]
[EventType "tourn (rapid)"]
[EventRounds "15"]
[EventCountry "ESA"]
[SourceTitle "CBM 215 Extra"]
[Source "ChessBase"]
[SourceDate "2023.09.30"]
[SourceVersion "1"]
[SourceVersionDate "2023.09.30"]
[SourceQuality "1"]
[WhiteTeam "Honduras"]
[BlackTeam "Venezuela"]
[WhiteTeamCountry "HON"]
[BlackTeamCountry "VEN"]

1. e4 c5 2. Nf3 d6 3. d4 cxd4 4. Nxd4 Nf6 5. Nc3 Nc6 6. Bc4 Qb6 7. Nxc6 bxc6 8. 0-0 g6 9. h3 Bg7 10. Re1 Nd7 11. Bb3 0-0 12. Be3 Qc7 13. Qd2 a5 14. Rad1 Ba6 15. Na4 Rab8 16. c4 Rfd8 17. Bd4 Bxd4 18. Qxd4 c5 19. Qc3 Bb7 20. Qg3 Ne5 21. Nc3 Bc6 22. f4 Nd7 23. e5 dxe5 24. fxe5 Nb6 25. Nd5 Bxd5 26. cxd5 c4 27. d6 Qc5+ 0-1

[Event "Central America-ch 24th"]
[Site "San Salvador"]
[Date "2023.01.21"]
[Round "10"]
[White "Baules Rodriguez, Jorge Luis"]
[Black "Urbina, Ricardo"]
[Result "0-1"]
[WhiteElo "2328"]
[BlackElo "2207"]
[PlyCount "122"]
[EventDate "2023.01.21"]
[EventType "swiss"]
[EventRounds "11"]
[EventCountry "ESA"]
[SourceTitle "CBM 212 Extra"]
[Source "ChessBase"]
[SourceDate "2023.03.31"]
[SourceVersion "1"]
[SourceVersionDate "2023.03.31"]
[SourceQuality "1"]

1. e4 c5 2. Nf3 Nc6 3. d4 cxd4 4. Nxd4 g6 5. c4 Bg7 6. Be3 Nf6 7. Nc3 0-0 8. Be2 Nxd4 9. Bxd4 d6 10. 0-0 Bd7 11. Qd2 Bc6 12. f3 a5 13. b3 Nd7 14. Be3 Nc5 15. Rab1 Qb6 16. Rfc1 Rfc8 17. Rc2 Qd8 18. Bf1 h5 19. g3 Kh7 20. Bh3 Rc7 21. Rd1 Qf8 22. Bg2 Rcc8 23. Bd4 Bxd4+ 24. Qxd4 Qg7 25. Qe3 Qh6 26. f4 h4 27. g4 h3 28. g5 Qh4 29. Qxh3 Qxh3 30. Bxh3 Rh8 31. Bg2 Kg7 32. Rf2 Rh4 33. Nd5 Bxd5 34. Rxd5 Ne6 35. f5 Nxg5 36. f6+ exf6 37. Rxd6 a4 38. b4 Rah8 39. Rdxf6 Rxh2 40. e5 R2h4 41. R2f4 R4h5 42. Rb6 Rd8 43. Rxb7 Rd1+ 44. Rf1 Rd2 45. e6 Nxe6 46. Rfxf7+ Kh6 47. Bf3 Re5 48. Rh7+ Kg5 49. Kf1 Nd4 50. Rh3 Rxa2 51. Rf7 Nf5 52. Rd7 Kf4 53. Rd3 Ng3+ 54. Rxg3 Kxg3 55. Bd1+ Kf4 56. c5 Ra1 57. Kf2 Ke4 58. Re3+ Kd4 59. Rxe5 Kxe5 60. Bf3 a3 61. c6 Kd6 0-1

[Event "Central America-ch 24th"]
[Site "San Salvador"]
[Date "2023.01.21"]
[Round "11"]
[White "Urbina, Ricardo"]
[Black "Albornoz Cabrera, Carlos Daniel"]
[Result "0-1"]
[WhiteElo "2207"]
[BlackElo "2576"]
[PlyCount "44"]
[EventDate "2023.01.21"]
[EventType "swiss"]
[EventRounds "11"]
[EventCountry "ESA"]
[SourceTitle "CBM 212 Extra"]
[Source "ChessBase"]
[SourceDate "2023.03.31"]
[SourceVersion "1"]
[SourceVersionDate "2023.03.31"]
[SourceQuality "1"]

1. e4 c5 2. Nf3 d6 3. d4 cxd4 4. Nxd4 Nf6 5. Nc3 a6 6. Bc4 e6 7. Bb3 Nbd7 8. g4 Nc5 9. Qe2 d5 10. Bg5 dxe4 11. 0-0-0 Qc7 12. Kb1 Bd7 13. Bxf6 gxf6 14. Nxe4 Qe5 15. Nxc5 Qxe2 16. Nxd7 Qxf2 17. Nb6 Rd8 18. Ba4+ Ke7 19. Nf5+ exf5 20. Rhe1+ Qxe1 21. Rxe1+ Kd6 22. gxf5 Kc7 0-1

[Event "Online Olym Div3 E"]
[Site "Chess.com INT"]
[Date "2020.08.07"]
[Round "3.3"]
[White "Chavez, Hector Eduardo"]
[Black "Urbina, Ricardo"]
[Result "1/2-1/2"]
[WhiteElo "2110"]
[BlackElo "2212"]
[PlyCount "80"]
[EventDate "2020.08.07"]
[EventType "team-tourn (rapid)"]
[EventRounds "9"]
[EventCountry "USA"]
[SourceTitle "CBM 198"]
[Source "ChessBase"]
[SourceDate "2020.10.31"]
[SourceVersion "1"]
[SourceVersionDate "2020.10.31"]
[SourceQuality "1"]
[WhiteTeam "El Salvador"]
[BlackTeam "Honduras"]
[WhiteTeamCountry "ESA"]
[BlackTeamCountry "HON"]

1. e4 e5 2. Nf3 Nc6 3. Bc4 Be7 4. 0-0 Nf6 5. Nc3 Nxe4 6. Nxe4 d5 7. Bd3 dxe4 8. Bxe4 Bg4 9. h3 Bxf3 10. Bxf3 0-0 11. c3 Qd6 12. Qa4 f5 13. Bxc6 bxc6 14. d4 e4 15. g3 Qg6 16. Bf4 Rf6 17. Kh2 Raf8 18. Rae1 Qh5 19. Qd1 Qf7 20. Qb3 Bd6 21. Bxd6 cxd6 22. Qxf7+ Kxf7 23. c4 Rb8 24. b3 d5 25. Rc1 Ke6 26. Rfd1 Kd6 27. Kg2 f4 28. g4 f3+ 29. Kg3 Rf7 30. Rc3 Rb4 31. Rdc1 dxc4 32. Rxc4 Rxc4 33. bxc4 g5 34. Re1 Re7 35. h4 h6 36. hxg5 hxg5 37. Rh1 Rf7 38. Re1 Re7 39. Rh1 Rf7 40. Re1 Re7 1/2-1/2

[Event "Online Olym Div4 E"]
[Site "Chess.com INT"]
[Date "2020.08.02"]
[Round "9.2"]
[White "Urbina, Ricardo"]
[Black "Ramoutar, Alan Safar"]
[Result "1/2-1/2"]
[WhiteElo "2212"]
[BlackElo "2305"]
[PlyCount "41"]
[EventDate "2020.07.31"]
[EventType "team-tourn (rapid)"]
[EventRounds "9"]
[EventCountry "USA"]
[SourceTitle "CBM 198"]
[Source "ChessBase"]
[SourceDate "2020.10.31"]
[SourceVersion "1"]
[SourceVersionDate "2020.10.31"]
[SourceQuality "1"]
[WhiteTeam "Honduras"]
[BlackTeam "Trinidad and Tobago"]
[WhiteTeamCountry "HON"]
[BlackTeamCountry "TRI"]

1. e4 c5 2. Nf3 Nc6 3. d4 cxd4 4. Nxd4 Nf6 5. Nc3 d6 6. Bc4 Qb6 7. Nxc6 bxc6 8. Bb3 g6 9. Be3 Qc7 10. h3 Bg7 11. 0-0 0-0 12. Qd2 a5 13. Bh6 a4 14. Bxg7 Kxg7 15. Nxa4 Nxe4 16. Qd4+ Nf6 17. Nb6 Qa7 18. Rad1 c5 19. Nxc8 Raxc8 20. Qe3 Qb7 21. c4 1/2-1/2

[Event "Alajuela"]
[Site "Alajuela"]
[Date "2019.12.13"]
[Round "4"]
[White "Leon Archibaldo, Orlando Andres"]
[Black "Urbina, Ricardo"]
[Result "0-1"]
[WhiteElo "2254"]
[BlackElo "2254"]
[PlyCount "60"]
[EventDate "2019.12.11"]
[EventType "tourn"]
[EventRounds "9"]
[EventCountry "CRI"]
[EventCategory "2"]
[SourceTitle "CBM 193 Extra"]
[Source "ChessBase"]
[SourceDate "2020.01.31"]
[SourceVersion "1"]
[SourceVersionDate "2020.01.31"]
[SourceQuality "1"]

1. d4 d5 2. Bf4 Nf6 3. e3 c6 4. c4 g6 5. Nc3 Bg7 6. Qb3 0-0 7. Nf3 a5 8. Be2 dxc4 9. Bxc4 b5 10. Be2 a4 11. Qd1 Qa5 12. 0-0 a3 13. Qc1 axb2 14. Qxb2 b4 15. Nb1 Nbd7 16. Nbd2 Nd5 17. Bg3 Nc3 18. Bd3 Nc5 19. Bc4 Bf5 20. Nb3 N5a4 21. Qd2 Qb6 22. Be5 Ne4 23. Qc1 Nac3 24. Qb2 Nd6 25. Be2 Ra3 26. Bxg7 Kxg7 27. Rfc1 Rfa8 28. Rxc3 bxc3 29. Qxc3 Ne4 30. Qb2 Qb4 0-1

[Event "HON-ch sf1"]
[Site "Tegucigalpa"]
[Date "2018.01.13"]
[Round "2"]
[White "Deras Flores, Rodolfo"]
[Black "Urbina, Ricardo"]
[Result "0-1"]
[WhiteElo "1846"]
[BlackElo "2225"]
[PlyCount "68"]
[EventDate "2018.01.13"]
[EventType "swiss"]
[EventRounds "7"]
[EventCountry "HON"]
[SourceTitle "EXT 2019"]
[Source "ChessBase"]
[SourceDate "2018.10.10"]
[SourceVersion "1"]
[SourceVersionDate "2018.10.10"]
[SourceQuality "1"]

1. e4 c5 2. Nf3 Nc6 3. d4 cxd4 4. Nxd4 g6 5. Be3 Bg7 6. Nc3 Nf6 7. Bc4 0-0 8. Bb3 a5 9. f3 e6 10. Qd2 d5 11. 0-0-0 dxe4 12. fxe4 Ng4 13. Nxc6 Qxd2+ 14. Bxd2 bxc6 15. Rde1 Rd8 16. h3 Ne5 17. Na4 Bd7 18. Nc5 Be8 19. Nb7 Rxd2 20. Kxd2 a4 21. Bxe6 fxe6 22. c3 Bf8 23. Kc2 Be7 24. Rd1 Nc4 25. Rd4 Ne3+ 26. Kd2 c5 27. Rd3 Nc4+ 28. Kc2 Rb8 29. b3 Na3+ 30. Kc1 Rxb7 31. c4 Bg5+ 32. Kd1 Nxc4 33. Kc2 Ne3+ 34. Kb1 Bc6 0-1

[Event "Managua Hurtado Memorial 15th"]
[Site "Managua"]
[Date "2015.12.28"]
[Round "5"]
[White "Urbina, Ricardo"]
[Black "Escobar, Edgar Antonio"]
[Result "1-0"]
[WhiteElo "2192"]
[BlackElo "1705"]
[PlyCount "27"]
[EventDate "2015.12.26"]
[EventType "swiss"]
[EventRounds "9"]
[EventCountry "NCA"]
[SourceTitle "CBM 170 Extra"]
[Source "ChessBase"]
[SourceDate "2016.02.25"]
[SourceVersion "1"]
[SourceVersionDate "2016.02.25"]
[SourceQuality "1"]

1. e4 c6 2. Nc3 d5 3. Nf3 dxe4 4. Nxe4 Bf5 5. Ng3 Bg6 6. h4 h5 7. Ne5 Be4 8. Nxf7 Kxf7 9. Nxe4 Nf6 10. Ng5+ Kg8 11. Bc4+ Nd5 12. Qf3 Rh6 13. Qf7+ Kh8 14. Qf5 1-0

[Event "La Libertad zt 2.3"]
[Site "La Libertad"]
[Date "2015.04.01"]
[Round "3"]
[White "Rodriguez Rueda, Paula Andrea"]
[Black "Urbina, Ricardo"]
[Result "1-0"]
[WhiteElo "2371"]
[BlackElo "2229"]
[PlyCount "111"]
[EventDate "2015.03.31"]
[EventType "swiss"]
[EventRounds "9"]
[EventCountry "ECU"]
[SourceTitle "CBM 165 Extra"]
[Source "ChessBase"]
[SourceDate "2015.04.21"]
[SourceVersion "1"]
[SourceVersionDate "2015.04.21"]
[SourceQuality "1"]

1. d4 d5 2. c4 c6 3. Nf3 Nf6 4. Nc3 e6 5. e3 Nbd7 6. Qc2 a6 7. Bd3 dxc4 8. Bxc4 b5 9. Be2 c5 10. 0-0 Bb7 11. a3 Qb8 12. dxc5 Bxc5 13. b4 Bd6 14. h3 0-0 15. Bb2 Rc8 16. Qb3 Nb6 17. Rad1 Nbd5 18. Rc1 Nxc3 19. Bxc3 Ne4 20. Bd4 Rxc1 21. Rxc1 Qe8 22. Qb2 f6 23. Nd2 Nxd2 24. Qxd2 Rd8 25. Qb2 Bb8 26. Qb3 Kh8 27. Qb2 Qg6 28. Bf1 Kg8 29. Bb6 Rd7 30. Qb3 Qf5 31. Bd4 Kf7 32. a4 Rxd4 33. exd4 Qf4 34. Qg3 Qxc1 35. Qxb8 Qc6 36. axb5 axb5 37. f3 Qd7 38. Qa7 Kg6 39. Bd3+ Kh6 40. Qc5 Bc6 41. Be4 Bd5 42. h4 Bxe4 43. fxe4 Kg6 44. Kf2 Kf7 45. Ke3 f5 46. exf5 exf5 47. Kf4 g6 48. d5 Qd8 49. g3 Qe8 50. Qc7+ Kg8 51. Kg5 f4 52. gxf4 Qf8 53. Qe5 Qxb4 54. d6 Qb1 55. d7 Qg1+ 56. Kh6 1-0

[Event "Managua Sub zt 2.3"]
[Site "Managua"]
[Date "2014.05.02"]
[Round "8"]
[White "Urbina, Ricardo"]
[Black "Gonzalez Acosta, Bernal Manuel"]
[Result "1/2-1/2"]
[WhiteElo "2249"]
[BlackElo "2482"]
[PlyCount "62"]
[EventDate "2014.04.27"]
[EventType "swiss"]
[EventRounds "9"]
[EventCountry "NCA"]
[SourceTitle "EXT 2015"]
[Source "ChessBase"]
[SourceDate "2014.11.20"]
[SourceVersion "1"]
[SourceVersionDate "2014.11.20"]
[SourceQuality "1"]

1. e4 c5 2. Nf3 d6 3. d4 cxd4 4. Qxd4 Nc6 5. Bb5 Bd7 6. Bxc6 Bxc6 7. Nc3 Nf6 8. Bg5 e6 9. 0-0-0 Be7 10. Rhe1 0-0 11. Bxf6 Bxf6 12. Qxd6 Bxc3 13. Qxd8 Bxb2+ 14. Kxb2 Rfxd8 15. Nd4 Ba4 16. Nb3 Kf8 17. Ka3 Bc6 18. Rd3 Bb5 19. Rh3 h6 20. Kb4 Bc6 21. Rd3 b6 22. Red1 a5+ 23. Ka3 Rdc8 24. f3 Bb5 25. R3d2 Ke7 26. Kb2 a4 27. Nd4 a3+ 28. Kb1 Be8 29. Rd3 g6 30. Rb3 Ra6 31. Rdd3 Rc4 1/2-1/2

[Event "Olympiad-39"]
[Site "Khanty-Mansiysk"]
[Date "2010.09.27"]
[Round "6.2"]
[White "Oatlhotse, Providence"]
[Black "Urbina, Ricardo"]
[Result "1/2-1/2"]
[WhiteElo "2213"]
[BlackElo "2226"]
[PlyCount "107"]
[EventDate "2010.09.21"]
[EventType "team-swiss"]
[EventRounds "11"]
[EventCountry "RUS"]
[SourceTitle "CBM 139"]
[Source "ChessBase"]
[SourceDate "2010.11.18"]
[SourceVersion "1"]
[SourceVersionDate "2010.11.18"]
[SourceQuality "1"]
[WhiteTeam "Botswana"]
[BlackTeam "Honduras"]
[WhiteTeamCountry "BOT"]
[BlackTeamCountry "HON"]

1. d4 d5 2. c4 c6 3. Nf3 Nf6 4. Nc3 e6 5. Bg5 h6 6. Bxf6 Qxf6 7. e3 Nd7 8. a3 a6 9. Bd3 dxc4 10. Bxc4 b5 11. Bd3 c5 12. 0-0 Bb7 13. Ne4 Qd8 14. Rc1 Rc8 15. Qe2 Be7 16. Rfd1 c4 17. Bb1 Nf6 18. Nxf6+ Bxf6 19. e4 0-0 20. Rc3 g6 21. h4 Bg7 22. h5 g5 23. e5 f5 24. exf6 Rxf6 25. Ne5 Rf4 26. Ng6 Rf6 27. Re3 Bd5 28. Ne5 Qc7 29. Ng4 Rf7 30. Bg6 Re7 31. g3 a5 32. Bf5 Qc6 33. Bb1 Rf8 34. Qc2 Rf5 35. Ne5 Bxe5 36. Rxe5 Ref7 37. Rxf5 exf5 38. Qd2 Qb6 39. Qe1 Bf3 40. Rd2 Qd8 41. Qe6 Qf6 42. d5 Kg7 43. Qe3 Bxh5 44. d6 f4 45. Qd4 Qxd4 46. Rxd4 Bg4 47. Be4 fxg3 48. fxg3 Bd7 49. a4 bxa4 50. Rxc4 Kf6 51. Rc5 Ke6 52. Rxa5 Kxd6 53. Ra6+ Ke5 54. Bc2 1/2-1/2

[Event "Olympiad-39"]
[Site "Khanty-Mansiysk"]
[Date "2010.09.21"]
[Round "1.2"]
[White "Urbina, Ricardo"]
[Black "Shengelia, Davit"]
[Result "0-1"]
[WhiteElo "2226"]
[BlackElo "2587"]
[PlyCount "56"]
[EventDate "2010.09.21"]
[EventType "team-swiss"]
[EventRounds "11"]
[EventCountry "RUS"]
[SourceTitle "CBM 139"]
[Source "ChessBase"]
[SourceDate "2010.11.18"]
[SourceVersion "1"]
[SourceVersionDate "2010.11.18"]
[SourceQuality "1"]
[WhiteTeam "Honduras"]
[BlackTeam "Austria"]
[WhiteTeamCountry "HON"]
[BlackTeamCountry "AUT"]

1. e4 c5 2. Nf3 d6 3. Be2 Nc6 4. c3 Nf6 5. d3 g6 6. Bg5 Bg7 7. Qc1 h6 8. Be3 b6 9. h3 Bb7 10. 0-0 g5 11. Nh2 d5 12. Ng4 Nxg4 13. hxg4 d4 14. Bd2 Qd7 15. c4 Ne5 16. Qd1 Bc8 17. f3 Ng6 18. g3 h5 19. Bxg5 hxg4 20. fxg4 Qd6 21. Kg2 Be5 22. Qe1 Be6 23. a4 a5 24. Na3 0-0-0 25. Nb5 Qd7 26. Rf5 f6 27. Bd2 Bxf5 28. exf5 Qb7+ 0-1